00397nam a2200157Ia 4500003000400000008004100004040001600045082001300061100002000074245004000094260003400134300001000168490002400178650001500202650002200217GCL140319s9999 xx 000 0 eng d aGCL / cGCL04a843bL P1 aLABRO, PHILIPPE10aLE PETIT GARCON / cLABRO, PHILIPPE a[S.N] : bGALLIMARD ، c1995 a348 P aCOLLECTION FOLIOv004aLITERATURE04aFRENCH LITERATURE